<The> Contemporary Approach to Sustainable Development within the European Union: Challenges for Automotive Industry

Definícia trvalo udržateľného rozvoja a jeho vplyv na obchod a spotrebiteľov. Európska únia - trvalo udržateľný rozvoj a nové výzvy pre automobilový priemysel. Rozpočet EÚ a regulácia. Finančná perspektíva na roky 2007-2013. Základné poznámky k trvalo udržateľnému rozvoju na Slovensku.

Guardado en:
Detalles Bibliográficos
Autor principal: Oreský, Milan, 1956-
Formato: Capítulo de libro
Lenguaje:inglés
Materias:
Etiquetas: Agregar Etiqueta
Sin Etiquetas, Sea el primero en etiquetar este registro!

MARC

LEADER 00000naa$a2200000$$$4500
001 0100677
005 20240502083245.4
041 0 |a eng 
044 |a LT 
245 1 0 |a <The> Contemporary Approach to Sustainable Development within the European Union: Challenges for Automotive Industry  |c Milan Oreský 
520 |a Definícia trvalo udržateľného rozvoja a jeho vplyv na obchod a spotrebiteľov. Európska únia - trvalo udržateľný rozvoj a nové výzvy pre automobilový priemysel. Rozpočet EÚ a regulácia. Finančná perspektíva na roky 2007-2013. Základné poznámky k trvalo udržateľnému rozvoju na Slovensku. 
610 2 0 |a rozvoj trvalo udržateľný 
610 2 0 |a priemysel automobilový 
610 2 0 |a Európska únia 
610 2 0 |a Slovensko 
100 1 |a Oreský, Milan, 1956-